<?xml version="1.0" encoding="UTF-8"?>
<record
    xmlns:xsi="http://www.w3.org/2001/XMLSchema-instance"
    xsi:schemaLocation="http://www.loc.gov/MARC21/slim http://www.loc.gov/standards/marcxml/schema/MARC21slim.xsd"
    xmlns="http://www.loc.gov/MARC21/slim">

  <leader>02524cam a22004697a 4500</leader>
  <controlfield tag="001">7865621</controlfield>
  <controlfield tag="003">OSt</controlfield>
  <controlfield tag="005">20211014162139.0</controlfield>
  <controlfield tag="006">m        d        </controlfield>
  <controlfield tag="007">cr  n         </controlfield>
  <controlfield tag="008">070717s2006    ne a    sb    001 0 eng d</controlfield>
  <datafield tag="015" ind1=" " ind2=" ">
    <subfield code="a">GBA677361</subfield>
    <subfield code="2">bnb</subfield>
  </datafield>
  <datafield tag="016" ind1="7" ind2=" ">
    <subfield code="a">97963069X</subfield>
    <subfield code="2">GyFmDB</subfield>
  </datafield>
  <datafield tag="016" ind1="7" ind2=" ">
    <subfield code="a">013535339</subfield>
    <subfield code="2">Uk</subfield>
  </datafield>
  <datafield tag="020" ind1=" " ind2=" ">
    <subfield code="a">9781402046957 (hd.bd.)</subfield>
  </datafield>
  <datafield tag="035" ind1=" " ind2=" ">
    <subfield code="a">(WaSeSS)ssj0000200191</subfield>
  </datafield>
  <datafield tag="038" ind1=" " ind2=" ">
    <subfield code="a">khadija</subfield>
  </datafield>
  <datafield tag="040" ind1=" " ind2=" ">
    <subfield code="a">OHX</subfield>
    <subfield code="c">OHX</subfield>
    <subfield code="d">BAKER</subfield>
    <subfield code="d">UKM</subfield>
    <subfield code="d">HNK</subfield>
    <subfield code="d">CVM</subfield>
    <subfield code="d">XTL</subfield>
    <subfield code="d">YDXCP</subfield>
    <subfield code="d">DLC</subfield>
    <subfield code="d">WaSeSS</subfield>
  </datafield>
  <datafield tag="042" ind1=" " ind2=" ">
    <subfield code="a">lccopycat</subfield>
  </datafield>
  <datafield tag="050" ind1=" " ind2="4">
    <subfield code="a">TJ163.12</subfield>
    <subfield code="b">.P74 2006</subfield>
  </datafield>
  <datafield tag="072" ind1=" " ind2="7">
    <subfield code="a">TJ</subfield>
    <subfield code="2">lcco</subfield>
  </datafield>
  <datafield tag="082" ind1="0" ind2="4">
    <subfield code="a">621</subfield>
    <subfield code="2">22</subfield>
    <subfield code="b">PRE</subfield>
  </datafield>
  <datafield tag="100" ind1="1" ind2=" ">
    <subfield code="a">Preumont, Andr&#xE9;.</subfield>
    <subfield code="9">83030</subfield>
  </datafield>
  <datafield tag="210" ind1="1" ind2="0">
    <subfield code="a">Mechatronics</subfield>
  </datafield>
  <datafield tag="245" ind1="1" ind2="0">
    <subfield code="a">Mechatronics :</subfield>
    <subfield code="b">Dynamics of Electromechanical and Piezoelectric Systems /</subfield>
    <subfield code="c">by A. Preumont.</subfield>
  </datafield>
  <datafield tag="260" ind1=" " ind2=" ">
    <subfield code="a">Dordrecht :</subfield>
    <subfield code="b">Springer,</subfield>
    <subfield code="c">c2006.</subfield>
  </datafield>
  <datafield tag="490" ind1="1" ind2=" ">
    <subfield code="a">Solid mechanics and its applications ;</subfield>
    <subfield code="v">v. 136</subfield>
  </datafield>
  <datafield tag="504" ind1=" " ind2=" ">
    <subfield code="a">Includes bibliographical references and index.</subfield>
  </datafield>
  <datafield tag="505" ind1="0" ind2=" ">
    <subfield code="a">Lagrangian dynamics of mechanical systems -- Dynamics of electrical networks -- Electromechanical systems -- Piezoelectric systems -- Piezoelectric laminates -- Active and passive damping with piezoelectric transducers.</subfield>
  </datafield>
  <datafield tag="506" ind1=" " ind2=" ">
    <subfield code="a">License restrictions may limit access.</subfield>
  </datafield>
  <datafield tag="520" ind1=" " ind2=" ">
    <subfield code="a">This volume treats Lagrange's equations for electromechanical systems, including piezoelectric tranducers and selected applications. It is essentially an extension to piezoelectric systems of the work by Crandall et al.: Dynamcs of Mechanical and Electromechanical Sysyems, McGraw-Hill, published in 1968. The first three chapters contain classical meterial based on this and other well-known standard texts in the field, such as Methods of Analltical Dynamics by L. Meirovitch, McGraw-Hill, 1970. Some applications are new (e.g. geophone). Chapters 4 to 6 consist of new material which has not been published in a mongraph before. They deal with piezoelectric systems in a unified way, starting from a lagrangian approach.</subfield>
  </datafield>
  <datafield tag="563" ind1=" " ind2=" ">
    <subfield code="a">Hardcover</subfield>
  </datafield>
  <datafield tag="650" ind1=" " ind2="0">
    <subfield code="a">Mechatronics.</subfield>
    <subfield code="9">35774</subfield>
  </datafield>
  <datafield tag="650" ind1=" " ind2="0">
    <subfield code="a">Dynamics.</subfield>
    <subfield code="9">7202</subfield>
  </datafield>
  <datafield tag="650" ind1=" " ind2="0">
    <subfield code="a">Piezoelectric transducers.</subfield>
    <subfield code="9">83160</subfield>
  </datafield>
  <datafield tag="650" ind1=" " ind2="0">
    <subfield code="a">Electromechanical devices.</subfield>
    <subfield code="9">83161</subfield>
  </datafield>
  <datafield tag="773" ind1=" " ind2="0">
    <subfield code="t">SpringerLink ebooks - Engineering (2006)</subfield>
  </datafield>
  <datafield tag="830" ind1=" " ind2="0">
    <subfield code="a">Solid mechanics and its applications ;</subfield>
    <subfield code="v">v. 136</subfield>
    <subfield code="9">83162</subfield>
  </datafield>
  <datafield tag="856" ind1="4" ind2="0">
    <subfield code="u">http://www.columbia.edu/cgi-bin/cul/resolve?clio7865621</subfield>
    <subfield code="z">Full text available from SpringerLink ebooks - Engineering (2006)</subfield>
  </datafield>
  <datafield tag="910" ind1=" " ind2=" ">
    <subfield code="a">Library of Congress record</subfield>
  </datafield>
  <datafield tag="942" ind1=" " ind2=" ">
    <subfield code="2">ddc</subfield>
    <subfield code="c">BK</subfield>
  </datafield>
  <datafield tag="999" ind1=" " ind2=" ">
    <subfield code="c">31944</subfield>
    <subfield code="d">31944</subfield>
  </datafield>
  <datafield tag="952" ind1=" " ind2=" ">
    <subfield code="0">0</subfield>
    <subfield code="1">0</subfield>
    <subfield code="2">ddc</subfield>
    <subfield code="4">0</subfield>
    <subfield code="7">0</subfield>
    <subfield code="a">SMME</subfield>
    <subfield code="b">SMME</subfield>
    <subfield code="c">GEN</subfield>
    <subfield code="d">2015-07-13</subfield>
    <subfield code="o">621 PRE</subfield>
    <subfield code="p">SMME-504</subfield>
    <subfield code="r">2018-03-28</subfield>
    <subfield code="w">2015-07-13</subfield>
    <subfield code="y">BK</subfield>
    <subfield code="z">Rack,38-Shelf,5</subfield>
  </datafield>
</record>
